000 00279nam a22001097a 4500
999 _c4140
_d4140
008 250122b ||||| |||| 00| 0 eng d
020 _a9781786371263
082 _a595 JON
100 _aGRACE JONES
_eJONES,GRACE
245 _aINSECTS
942 _2ddc
_h595 JON